| 000 | 00743 a2200157 4500 | ||
|---|---|---|---|
| 003 | Nust | ||
| 005 | 20170207154008.0 | ||
| 020 | _a0-9627488-5-4 | ||
| 040 | _cNust | ||
| 100 | _aTerence John Parr MageLang Institute | ||
| 245 |
_aLanguage Translation Using PCCTS and C++(E-Book) _bA Reference Guide _cTerence John Parr MageLang Institute |
||
| 260 |
_aUnited States of America _bAutomata Publishing Company, San Jose, CA 95129 _c1993 |
||
| 300 | _avi.310,p | ||
| 505 | _aIntroduction (Page-23) A Tutorial (Page-41) ANTLR Reference (Page-81) SORCERER Reference(Page-161) ANTLR Warning and Error Messages (Page-201) SORCERER Warning and Error Messages (Page-211) Templates and Quick Reference Guide (Page-217) History (Page-233) | ||
| 651 | _a(E-Book) | ||
| 942 |
_2ddc _cBK |
||
| 999 |
_c191069 _d191069 |
||